One Piece - Équipage de Kaido - Statistiques

Statistiques générales
  • Ce quiz a été pris 317 fois
  • Le résultat moyen est 18 sur 58
Statistiques - réponses
Grade Réponse % Correct
Capitaine Kaido
100%
Okanban Queen
99%
Okanban King
98%
Okanban Jack
95%
Tobiroppo Ulti
91%
Tobiroppo Black Maria
89%
Tobiroppo Page One
87%
Tobiroppo Who's-Who
86%
Tobiroppo X Drake
86%
Tobiroppo Sasaki
73%
Shinuchi Basil Hawkins
67%
Informateur Scratchmen Apoo
63%
Shinuchi Speed
50%
Shinuchi Holdem
41%
Gifter Batman
36%
Gifter Gazelleman
34%
Shinuchi Babanuki
32%
Shinuchi Daifugo
29%
Shinuchi Hamlet
24%
Shinuchi Sheepshead
23%
Gifter Mouseman
23%
Shinuchi Solitaire
22%
Gifter Alpagaman
21%
Shinuchi Bao Huang
21%
Shinuchi Poker
21%
Gifter Snakeman
20%
Shinuchi Dobon
18%
Number Hatcha
18%
Shinuchi Briscola
16%
Gifter Rabbitman
16%
Shinuchi Four Tricks
16%
Shinuchi Gin Rummy
16%
Gifter Madilloman
16%
Subordonné Scotch
14%
Number Goki
13%
Gifter Sarahebi
13%
Gifter Caimanlady
12%
Number Fuga
12%
Number Inbi
12%
Number Juki
12%
Shinuchi Mizerka
12%
Number Jaki
11%
Gifter Dachoman
10%
Number Nagi
10%
Gifter Nure-Onna
10%
Gifter Tenjo-Sagari
10%
Number Zanki
10%
Number Kunyun
9%
Number Rokki
9%
Gifter Wanyudo
9%
Waiter Donannoyo
7%
Waiter Ibiributsu
7%
Waiter Massui
7%
Waiter Nokotti
7%
Waiter Pudos
7%
Subordonné Gorishiro
6%
Subordonné Kamijiro
6%
Waiter Uwattsura
6%
Aucun quiz correspondant
Distribution des résultats
% des personnes avec chaque résultat
Percentile par nombre de réponses
Votre historique - résultats
Vous n’avez pas pris ce quiz